Statistiques concernant Les pays d'Afrique les plus occidentaux

Cliquez ici pour prendre le quiz!

Statistiques générales

  • Ce quiz a été pris 11 265 fois
  • Le résultat moyen est 9 sur 10

Statistiques - réponses

LongitudePays% Correct
17° 03' OMaroc
98%
17° 27' OSénégal
94%
17° 03' OMauritanie
90%
15° 03' OGuinée
86%
12° 00' OMali
85%
25° 25′ OCap-Vert
84%
16° 45' OGambie
81%
16° 42' OGuinée-Bissau
78%
11° 30' OLiberia
78%
13° 18' OSierra Leone
78%

Distribution des résultats

Percentile par nombre de réponses

% des personnes avec chaque résultat

Votre développement - résultats

Vous n’avez pas pris ce quiz